000 00460nam a2200181Ia 4500
008 240925s9999 xx 000 0 und d
020 _a192828134
082 _a822 CHE
100 _aChekhov, Anton
245 0 _aTwelve Plays
250 _aNA
260 _aNew York:
_bOxford University Press
_c,1992.
300 _axix,769p.
_bNA
_fOriginal
500 _aIncludes Reference
600 _aHumanities & Natural Science
650 _aLiterature
942 _cBK
999 _c2869
_d2869